Missing Word: US One-Hit Wonders Quiz Stats

 Plays Quiz Updated Mar 5, 2016

Challenge
Share
Tweet
Embed
Score 0/22 Timer 02:00
0 Plays Today
Song Title Missing Word % Correct
____ at Tiffany'sBreakfast
92.7%
Don't Worry Be ____Happy
90.5%
Baby Got ____Back
85.8%
I'm ____ SexyToo
83%
____ No. 5Mambo
73%
What Is ____Love
70.6%
I'm Gonna Be (500 ____)Miles
67.9%
The NeverEnding ____Story
65.7%
Pump Up the ____Volume
57.2%
Come On ____Eileen
56.6%
She's Like the ____Wind
55.9%
Song Title Missing Word % Correct
____ and CandySex
53.8%
No ____Rain
34.9%
You Get What You ____Give
34.6%
I Want ____Candy
31.7%
____! (There It is)Whoomp
30.8%
____ in the SkySpirit
29.6%
Turning ____Japanese
26.1%
I ____ with YouMelt
25.8%
Everybody's Got to Learn ____Sometime
24.9%
How ____Bizarre
18.9%
I Wanna Be a ____Cowboy
8.3%

Today's Daily Dose

Missing Word
TV HA - HZ

Word Ladder
Nordic Capital

On This Day
January 19th II

You're not logged in!

Compare scores with friends on all Sporcle quizzes.
OR
Log In

You Might Also Like...

Show Comments

Extras

Top Quizzes Today


Score Distribution

Your Account Isn't Verified!

In order to create a playlist on Sporcle, you need to verify the email address you used during registration. Go to your Sporcle Settings to finish the process.

Report this User

Report this user for behavior that violates our Community Guidelines.

Details: